00773nam a22002417a 450000500170000001000110001702000100002803500110003803700160004904000120006508200130007710000260009024500700011626000410018627000110022730000200023850000060025865000220026465000210028694200220030799900190032995201830034820170124110046.0 a214270 c00.00 a214270 bCen Lib/Ret aDPLbEN a808bWIN aWinters, Yvor 924621 aFunction of criticsm :cby Yvor Winters bproblems and exersice / aLondonbRoutledge & Kegan Paulc1962 bLondon a200p.c21cm(Hb) a  aLiterature 96262 aCriticsm 924622 2ddccENh808mWIN c128854d128854 04104070aLbLd2015-07-03eCen Lib/Retg0.00l0o808 WINp214270r2015-07-03 00:00:00t1v0.00w2015-07-03yENzWritten off on approval by DLB (By Circulation); dtd 15-06-2023